Operación y mantenimiento de un sistema de telecomunicaciones

Gorde:
Xehetasun bibliografikoak
Egile nagusia: Peralta Monge, David
Formatua: Ezezaguna
Argitaratua: [San José, Costa Rica] 1974
Gaiak:
Etiketak: Etiketa erantsi
Etiketarik gabe, Izan zaitez lehena erregistro honi etiketa jartzen!

MARC

LEADER 00000 a2200000 4500
003 011456
005 20221231143820.0
008 140114s1974 c a m 000 ||s d
040 |c cru CEDI 
090 |a TFG 537 
100 |a Peralta Monge, David  |9 16661 
245 |a Operación y mantenimiento de un sistema de telecomunicaciones 
260 |c 1974  |a [San José, Costa Rica] 
300 |a  191 hojas : cuadros  
500 |a Tesis (Ingeniero Civil)--Universidad de Costa Rica.  
650 |x TELECOMUNICACIONES - COSTA RICA  |9 16662 
942 |c TFG 
999 |c 12414  |d 12414